| 000 | 00815nas a2200253 4500 | ||
|---|---|---|---|
| 001 | BR8004643 | ||
| 003 | BR-BrBNA | ||
| 005 | 20231205084357.0 | ||
| 007 | ta | ||
| 008 | 230509b bl.|||p| |||| 00| 00por d | ||
| 040 |
_aBR-BrBNA _bpor _cBiblioteca Nacional de Agricultura |
||
| 041 | _a(Pt) | ||
| 072 | _aK50 | ||
| 100 | 1 | _aNakaoka, M. | |
| 100 | 1 | _aSilva, J.B. da | |
| 245 | 1 | _aEnsaios fitoquimicos em especies da Serra da Cantareira, Sao Paulo [Essencia florestal; Analise quimica; Brasil] | |
| 650 | _aESSENCIA FLORESTAL | ||
| 650 | _aANALISE QUIMICA | ||
| 650 | _aSERRA DA CANTAREIRA | ||
| 650 | _aSAO PAULO | ||
| 773 | 0 |
_tBoletim Tecnico - Instituto Florestal (Brazil) _xISSN 0100-3151 _g(Dec 1980), v. 34(2) p. 43-49 _wBR8004643 |
|
| 909 |
_a202311 _bLúcia _c55 _dLúcia Elande |
||
| 942 |
_2AGRIS _n0 _cANA |
||
| 999 |
_c104820 _d104820 |
||